Luz e trevas no teatro de Sófocles (Registo nº 201438)

Detalhes MARC
000 -Etiqueta do registo
Valores 00678nam 22002173 4500
010 ## - Número ISBN
ISBN 972-667-297-X
021 ## - Número do Depósito Legal
Código do país Portugal
Número 59735/92
100 ## - Dados gerais de processamento
Dados gerais 20260320d u||y0pory50 ba
200 ## - Titulo e menção de responsabilidade
Título próprio Luz e trevas no teatro de Sófocles
Primeira menção de responsabilidade Maria do Céu Zambujo Fialho
205 ## - Menção da edição
Edição
210 ## - Publicação
Local de publicação Instituto Nacional de Investigação Científica
Nome do editor Coimbra
Data de publicação 1992
215 ## - Descrição física 
Paginação / Volumes 230, [6] p.
Outras indicações físicas brochado
Dimensões 23 cm
225 ## - Colecção 
Título próprio da colecção Estudos da cultura clássica
Número de parte ou secção 6
606 ## - Nome comum usado como assunto
ID Autoridade 3661
Palavra de ordem Crítica Literária.Estudos Literários
675 ## - CDU
Notação 82.09
Edição PT
Língua por
700 ## - Autor principal (pessoa individual)
ID Autoridade 16936
Apelido Fialho
Nome Maria do Céu Zambujo
801 ## - Fonte de origem
País PT
Agência BMMN
Regras de catalogação RPC
830 ## - Notas gerais do catalogador
Criado por Vanda
990 ## - Elementos KOHA
Tipo de documento Livro
Exemplares
Situação do levantamento Biblioteca de origem Código de barras Cota Permissão de empréstimo Tipo de documento Forma de aquisição
  Biblioteca Municipal de Montemor-o-Novo 30762 82.09 FIA|DEP   Livro Compra

Powered by Koha